000 00428nam a2200181Ia 4500
001 3457
005 20260306145645.0
008 260306t1987||||xx |||||||||||||| ||spa||
041 _aESP
082 _a279.37
_bM83
100 _aMomigliano, Arnaldo
_eAUT
245 0 _aOn pagans jews, and christians
260 _c1987
300 _axii, 343 páginas
_c23 cm.
650 _aGEN
654 _aCHU
942 _cLIB
_dJUS
_fJUS
_2ddc
_n
999 _c3457
_d3457